01448nam a22002775i 4500001000700000003000900007005001700016008004100033040003000074080001800104100003300122245031800155246014200473260005400615300007300669650002100742650005100763651004800814651002700862651005700889651002300946700003900969700004601008752002401054852009201078156473ES-MaACL20250825235700.0001106s1752 fr af |||| | fre d aCCPB | B bspa cCCPB | B a528.2(02)"17"1 aJuan, Jorge,d1713-1773eaut10aVoyage historique de l'Amérique Méridionale :bfait par ordre du Roi d'Espagne. nTome premier /cpar Don George Juan... et par Don Antoine de Ulloa... et qui contient une Histoire des yncas du Perou et les Observations astronomiques et physiques, faites pour déterminer la figure et la grandeur de la Terre1 aHistoire des yncas du Perou et les Observations Astronomiques et Physiques, faites pour déterminer la Figure et la Grandeur de la Terre aA Paris : bchez Charles-Antoine Jombert, c1752. a[3], 316, [12], 309, [3] páginas, XLV hojas de láminas. ; c4º. 4aIncas-xHistoria 4aExpediciones científicas-zAmérica del Sur 4aAmérica del Sur-xDescripción-yS.XVIII 4aPerú-xDescripción 4aPerú-xHistoria-yEpoca prehispánica, hasta 1522 7aTierra (Planeta)21 aUlloa, Antonio de,d1716-1795eaut1 aJombert, Charles-Antoine,d1712-1784eprm aFrancia - dParís aES-MaACLcDEPOdOlim: F-747-48fEx-libris de A. Merino StradajR-194-95 x Holandesa